|
|
|
|
| LEADER |
00000nam0a2200000 4500 |
| 001 |
162655 |
| 005 |
20231101222334.0 |
| 010 |
|
|
|a 9785945602021
|
| 035 |
|
|
|a (RuTPU)RU\TPU\book\176431
|
| 090 |
|
|
|a 162655
|
| 100 |
|
|
|a 20090625d2009 k y0rusy50 ca
|
| 101 |
0 |
|
|a rus
|
| 102 |
|
|
|a RU
|
| 105 |
|
|
|a y z 000zy
|
| 200 |
1 |
|
|a Номенклатура технологических процессов и операций ГПНТБ СО РАН
|f Российская академия наук (РАН), Сибирское отделение (СО), Государственная публичная научно-техническая библиотека (ГПНТБ) ; под ред. О. В. Кулевой
|
| 210 |
|
|
|a Новосибирск
|c ГПНТБ СО РАН
|d 2009
|
| 215 |
|
|
|a 224 с.
|
| 330 |
|
|
|a В сборнике представлен систематизированный перечень библиотечных производственных циклов, процессов и операций, утвержденный в библиотеке и оформленный в установленном порядке. Номенклатура является нормативной базой для осуществления управления библиотечной технологией; источником информации о принятых технологических процессах и операциях; основой выработки и обоснования новых технологических решений; документом для обучения новых сотрудников и переподготовки кадров.
|
| 606 |
1 |
|
|a Библиотеки технические
|2 stltpush
|3 (RuTPU)RU\TPU\subj\28585
|9 52102
|
| 610 |
1 |
|
|a ГПНТБ
|
| 610 |
1 |
|
|a СО РАН
|
| 610 |
1 |
|
|a технологические процессы
|
| 610 |
1 |
|
|a технологические операции
|
| 610 |
1 |
|
|a номенклатура
|
| 610 |
1 |
|
|a номенклатурные каталоги
|
| 610 |
1 |
|
|a нормативные документы
|
| 610 |
1 |
|
|a библиотечные технологии
|
| 610 |
1 |
|
|a управление
|
| 610 |
1 |
|
|a Сибирь
|
| 610 |
1 |
|
|a научные библиотеки
|
| 610 |
1 |
|
|a научно-технические библиотеки
|
| 686 |
|
|
|a Ч734(2)719
|v LBC/SL-A
|2 rubbk
|
| 702 |
|
1 |
|a Кулева
|b О. В.
|4 340
|
| 712 |
0 |
2 |
|a Российская академия наук (РАН)
|b Сибирское отделение (СО)
|b Государственная публичная научно-техническая библиотека (ГПНТБ)
|c (Новосибирск)
|2 stltpush
|3 (RuTPU)RU\TPU\col\25
|
| 801 |
|
1 |
|a RU
|b 63413507
|c 20090625
|g PSBO
|
| 801 |
|
2 |
|a RU
|b 63413507
|c 20221006
|g RCR
|
| 942 |
|
|
|c BK
|
| 959 |
|
|
|a 76/20090624
|d 1
|e 176,00
|f НМО:1
|